000 00731nam a22001937a 4500
003 0
005 20260311105848.0
008 260311b xxu||||| |||| 00| 0 eng d
020 _a978-1-4511-0992-4
050 _aRS 403
_b.M386 2011
245 _aMartin's physical pharmacy and pharmaceutical sciences :
_bphysical chemical and biopharmaceutical principles in the pharmaceutical sciences /
_cPatrick J. Sinko, editor.
250 _aSixth edition.
260 _aBaltimore :
_bWolters Kluwer,
_c2011.
300 _aviii, 659 pages :
_billustrations ;
_c27 cm.
504 _aIncludes bibliographical references and index.
650 _aPharmaceutical chemistry.
650 _aChemistry, Physical and theoretical.
942 _2lcc
_cBK
999 _c368837
_d368837